Pierwiastki - Statystyki

Ogólne statystyki
  • Ten quiz został rozwiązany 5 918 razy
  • Średni wynik to 38 z 112
Statystyki odpowiedzi
Liczba atomowa Symbol Chemiczny % Poprawnych
1 H
94%
8 O
91%
79 Au
85%
6 C
84%
2 He
84%
47 Ag
78%
7 N
78%
88 Ra
77%
19 K
76%
16 S
76%
26 Fe
75%
84 Po
74%
29 Cu
68%
12 Mg
68%
11 Na
67%
30 Zn
65%
3 Li
64%
20 Ca
61%
17 Cl
61%
15 P
60%
50 Sn
60%
9 F
57%
14 Si
56%
13 Al
55%
5 B
55%
35 Br
55%
10 Ne
54%
4 Be
53%
80 Hg
53%
53 I
53%
25 Mn
51%
92 U
51%
18 Ar
50%
82 Pb
49%
56 Ba
44%
78 Pt
44%
54 Xe
44%
24 Cr
39%
28 Ni
39%
22 Ti
36%
95 Am
33%
27 Co
33%
99 Es
33%
94 Pu
33%
36 Kr
32%
34 Se
32%
32 Ge
31%
93 Np
31%
31 Ga
30%
23 V
30%
33 As
29%
55 Cs
28%
74 W
28%
48 Cd
25%
63 Eu
25%
39 Y
25%
87 Fr
24%
57 La
23%
83 Bi
22%
42 Mo
22%
37 Rb
22%
86 Rn
22%
89 Ac
21%
38 Sr
21%
77 Ir
20%
46 Pd
20%
76 Os
19%
81 Tl
19%
49 In
18%
51 Sb
18%
21 Sc
18%
85 At
17%
41 Nb
17%
45 Rh
17%
52 Te
17%
90 Th
17%
102 No
16%
40 Zr
16%
96 Cm
15%
101 Md
15%
75 Re
15%
73 Ta
15%
43 Tc
15%
107 Bh
14%
58 Ce
14%
44 Ru
14%
72 Hf
13%
98 Cf
12%
60 Nd
12%
70 Yb
12%
105 Db
11%
68 Er
11%
64 Gd
10%
67 Ho
10%
108 Hs
10%
103 Lr
10%
71 Lu
10%
59 Pr
10%
104 Rf
10%
62 Sm
10%
65 Tb
10%
69 Tm
10%
97 Bk
9%
66 Dy
9%
100 Fm
9%
91 Pa
9%
61 Pm
9%
111 Rg
9%
106 Sg
9%
110 Ds
8%
109 Mt
7%
112 Cn
4%
Nie znaleziono quizów pasujących do podanych kryteriów
Rozkład punktacji
Procent ludzi z każdym wynikiem
Percentyl według liczby udzielonych odpowiedzi
Twoja historia wyników
Nie rozwiązałeś tego quizu